=LDR 00000nam 2200000 4500 =001 INLIS000000000003920 =005 20250616110428 =035 ##$$a 0010-0625000125 =007 ta =008 250616################f##########0#eng## =082 ##$$a 304.66 =084 ##$$a 304.66 BAD r =245 1#$$a Result Of A Survey On Family Among Young Adults In Jakarta And Palembang /$c Survey Research Indonesia =260 ##$$a Jakarta :$b Survey Research Indonesia,$c 1986 =300 ##$$a 99 hlm. : $b ilus. =650 #4$$a Keluarga Berencana =110 2#$$a BADAN KOORDINASI KELUARGA BERENCANA NASIONAL =600 #4$$a Family Planning =856 ##$$a Perpustakaan Kemendukbangga